[Event "BEM Mfr 2023 Qualifikation"]
[Site "Bei SW Nürnberg Süd"]
[Date "2023.09.07"]
[Round "3.8"]
[White "Oeztuerk, Dilara"]
[Black "Friedrich, Michael"]
[Result "0-1"]
[WhiteElo "1375"]
[BlackElo "1650"]
[Annotator ""]
[PlyCount "76"]
[EventDate "2023.??.??"]
[WhiteTeam "Zabo-Eintracht Nbg."]
[BlackTeam "SC Erlangen"]

1. e4 g6 2. d4 Bg7
3. Nc3 d6 4. f4 Nd7 5. Nf3 c5 6. d5 Ngf6 7. Bd3 a6 8. O-O Qc7 9. Qe1 c4 10. Be2
O-O 11. Qh4 b5 12. a3 Nc5 13. e5 Nfe4 14. Nxe4 Nxe4 15. f5 Bxf5 16. e6 Bf6 17.
Qf4 Qc5+ 18. Be3 Qxd5 19. exf7+ Qxf7 20. Nd4 e5 21. Nxf5 exf4 22. Nh6+ Kg7 23.
Nxf7 fxe3 24. Bf3 Rxf7 25. Bxe4 Re8 26. Bd5 Rfe7 27. c3 Bg5 28. Rfe1 e2 29. Bf3
Be3+ 30. Kh1 Bd2 31. Rxe2 Rxe2 32. Bxe2 Rxe2 33. Kg1 Re1+ 34. Rxe1 Bxe1 35. Kf1
Bd2 36. Ke2 Bc1 37. b4 cxb3 38. Kd3 Kf6 0-1

[Event "BEM Mfr 2023 Qualifikation"]
[Site "Bei SW Nürnberg Süd"]
[Date "2023.09.07"]
[Round "3.9"]
[White "Müller, Gerhard"]
[Black "Ayhan, Elian"]
[Result "0-1"]
[WhiteElo "1786"]
[BlackElo "1161"]
[PlyCount "49"]
[EventDate "2023.??.??"]
[WhiteTeam "SW Nürnberg Süd"]
[BlackTeam "BSG Wöhrlhaus"]

1. d4 Nf6 2. Bf4 d5 3. e3 Bf5 4. Nc3 c6 5. Nf3 Qb6 6. Rb1 Nbd7 7. b4 e6 8. a3
a5 9. Na4 Qa7 10. Nc5 axb4 11. axb4 Nxc5 12. bxc5 Ne4 13. Nd2 Nc3 14. Qc1 Nxb1
15. Nxb1 Qa5+ 16. Kd1 b6 17. Bc7 Kd7 18. Bxb6 Qb4 19. Nd2 Ra2 20. Bd3 Bxd3 21.
cxd3 Qa4+ 22. Ke2 Be7 23. Qc3 Ra8 24. Rc1 Qb5 25. Rb1 0-1

[Event "BEM Mfr 2023 Qualifikation"]
[Site "Bei SW Nürnberg Süd"]
[Date "2023.09.07"]
[Round "3.10"]
[White "Ben Ali, Aymen"]
[Black "Majid, Hakim"]
[Result "0-1"]
[WhiteElo "1250"]
[BlackElo "1430"]
[PlyCount "92"]
[EventDate "2023.??.??"]
[WhiteTeam "vereinslos Nbg"]
[BlackTeam "SW Nürnberg Süd"]

1. e4 e5 2. Nc3 Bc5 3. Nf3 Nc6 4. Nxe5 Bxf2+ 5. Kxf2 Nxe5 6. d4 Ng6 7. Bc4 Qf6+
8. Qf3 Qxd4+ 9. Ke1 Qxc4 10. Rf1 Nf6 11. Bg5 Ne5 12. Qf5 d6 13. Qf4 Nh5 14. Qh4
g6 15. Kd2 O-O 16. h3 Qd4+ 17. Kc1 f6 18. Bxf6 Nxf6 19. Rxf6 Bd7 20. Nd1 Nc4
21. Rxf8+ Rxf8 22. Qg5 Qxe4 23. b3 Na3 24. Ne3 Bf5 25. Kb2 Nb5 26. g4 Qd4+ 27.
Kb1 Na3+ 28. Kc1 Qxa1+ 29. Kd2 Qd4+ 30. Kc1 Be4 31. h4 Qa1+ 32. Kd2 Nb1+ 33.
Ke2 Bf3+ 34. Kf2 Bxg4+ 35. Kg3 Bh5 36. Nd5 Qe5+ 37. Qxe5 dxe5 38. c4 c6 39. Nc7
Rf3+ 40. Kg2 e4 41. Ne6 e3 42. Nd4 Rf2+ 43. Kg1 Rxa2 44. Kf1 Nd2+ 45. Kg1 Nf3+
46. Kf1 Nxd4 0-1

[Event "BEM Mfr 2023 Qualifikation"]
[Site "Bei SW Nürnberg Süd"]
[Date "2023.09.08"]
[Round "4.1"]
[White "Babichev, Vyacheslav"]
[Black "Blumenthal Tuset, Sebastian"]
[Result "1/2-1/2"]
[WhiteElo "1706"]
[BlackElo "1241"]
[Annotator ""]
[PlyCount "138"]
[EventDate "2023.??.??"]
[WhiteTeam "SW Nürnberg Süd"]
[BlackTeam "SC N-T Nürnberg"]

1. d4 d5
2. c4 c6 3. Nc3 Nf6 4. cxd5 cxd5 5. Nf3 Nc6 6. e3 e6 7. a3 Bd7 8. Bd3 a6 9. O-O
Bd6 10. Qc2 O-O 11. Re1 Rc8 12. Qb1 Na5 13. Bc2 Nc4 14. b3 Nxa3 15. Bxa3 Bxa3
16. Nxd5 exd5 17. Rxa3 h6 18. Ne5 Bb5 19. Bf5 Rc7 20. f3 Bd7 21. Nxd7 Nxd7 22.
Ra5 Nf6 23. Rc5 Qe7 24. Qc1 Rxc5 25. Qxc5 Qxc5 26. dxc5 g6 27. Bh3 Rd8 28. Rd1
Kf8 29. e4 d4 30. e5 Nh7 31. f4 Ke7 32. Kf2 f6 33. g3 fxe5 34. fxe5 Ng5 35. Bg2
Rd7 36. h4 Ne6 37. c6 bxc6 38. Bxc6 Rc7 39. Be4 g5 40. h5 Rc3 41. Bd5 Re3 42.
Bxe6 Kxe6 43. Rxd4 Rxe5 44. Rb4 Rd5 45. Rb6+ Rd6 46. Rb8 Ke5 47. Ke3 Rc6 48.
Kf3 Kf5 49. g4+ Ke5 50. Re8+ Kf6 51. Rg8 Kf7 52. Rb8 Rf6+ 53. Kg3 Rc6 54. Rb7+
Kf6 55. Kf3 Ke5 56. Re7+ Kf6 57. Rh7 Ke5 58. Re7+ Kf6 59. Rb7 Re6 60. b4 Ke5
61. b5 axb5 62. Rxb5+ Kf6 63. Rf5+ Kg7 64. Ra5 Rf6+ 65. Kg3 Rf7 66. Ra6 Rf6 67.
Rxf6 Kxf6 68. Kf3 Ke5 69. Ke3 Kd5 1/2-1/2

[Event "BEM Mfr 2023 Qualifikation"]
[Site "Bei SW Nürnberg Süd"]
[Date "2023.09.08"]
[Round "4.2"]
[White "Hahn, Thomas"]
[Black "Garcia Jarri, Jonathan"]
[Result "1/2-1/2"]
[WhiteElo "1775"]
[BlackElo "1653"]
[PlyCount "51"]
[EventDate "2023.??.??"]
[WhiteTeam "Zabo-Eintracht Nbg."]
[BlackTeam "SC Stein"]

1. e4 c5 2. Nf3 Nc6 3. d4 cxd4 4. Nxd4 e5 5. Nb5 d6 6. N1c3 a6 7. Na3 Be7 8.
Be2 Nf6 9. Bg5 Nxe4 10. Nxe4 Bxg5 11. Nxd6+ Ke7 12. Ne4 Bh6 13. O-O Qxd1 14.
Raxd1 Nd4 15. Bd3 b5 16. c3 Ne6 17. Ng3 g6 18. Nc2 Bb7 19. Be4 Bxe4 20. Nxe4 f5
21. Ng3 Rhd8 22. Nb4 Rxd1 23. Rxd1 Nc5 24. Rd5 Nd7 25. Rd1 Ke6 26. Ne2 1/2-1/2

[Event "BEM Mfr 2023 Qualifikation"]
[Site "Bei SW Nürnberg Süd"]
[Date "2023.09.08"]
[Round "4.3"]
[White "Dakic, Milan"]
[Black "Assem Gawdat Azmy, Mostafa"]
[Result "0-1"]
[WhiteElo "1793"]
[BlackElo "1401"]
[PlyCount "66"]
[EventDate "2023.??.??"]
[WhiteTeam "vereinslos_Nbg"]
[BlackTeam "vereinslos Erl"]

1. e4 c5 2. Nc3 d6 3. g3 Nc6 4. Bg2 Nf6 5. d3 e5 6. Nge2 Be7 7. O-O O-O 8. h3
Be6 9. f4 exf4 10. gxf4 Qc7 11. f5 Bd7 12. Nf4 Ne5 13. Nfd5 Qd8 14. Nxe7+ Qxe7
15. Bg5 Bc6 16. Ne2 b5 17. Ng3 h6 18. Bh4 g5 19. fxg6 fxg6 20. Qd2 Kg7 21. Rf2
Rf7 22. Raf1 Raf8 23. b3 Bd7 24. d4 cxd4 25. Qxd4 g5 26. Rxf6 Rxf6 27. Rxf6
Kxf6 28. Nh5+ Kg6 29. Bg3 Kxh5 30. Qxa7 Qf7 31. Qb6 Qf6 32. Qa7 Nf3+ 33. Kh1
Qa1+ 0-1

[Event "BEM Mfr 2023 Qualifikation"]
[Site "Bei SW Nürnberg Süd"]
[Date "2023.09.08"]
[Round "4.4"]
[White "Walch, Roger"]
[Black "Weißmann, Peter"]
[Result "1-0"]
[WhiteElo "1671"]
[BlackElo "1711"]
[PlyCount "51"]
[EventDate "2023.??.??"]
[WhiteTeam "SW Nürnberg Süd"]
[BlackTeam "SGem 1882 Fürth"]

1. e4 c5 2. Nc3 Nc6 3. g3 g6 4. Bg2 Bg7 5. Nge2 d6 6. O-O Bg4 7. h3 Bd7 8. d3
Rb8 9. f4 Qc8 10. Kh2 b5 11. Nd5 e6 12. Ne3 Nge7 13. c3 b4 14. Nc4 O-O 15. Nxd6
Qc7 16. Nc4 Rfd8 17. Qc2 Bc8 18. Rd1 Ba6 19. Be3 Bxc4 20. dxc4 Na5 21. b3 e5
22. Rac1 bxc3 23. Nxc3 exf4 24. Bxf4 Be5 25. Nb5 Rxb5 26. Bxe5 1-0

[Event "BEM Mfr 2023 Qualifikation"]
[Site "Bei SW Nürnberg Süd"]
[Date "2023.09.08"]
[Round "4.5"]
[White "Bursian, Tim"]
[Black "Cordts, Elof"]
[Result "1-0"]
[WhiteElo "1615"]
[BlackElo "1647"]
[PlyCount "47"]
[EventDate "2023.??.??"]
[WhiteTeam "SC Jäklechemie"]
[BlackTeam "SC Erlangen"]

1. d4 d5 2. c4 e6 3. Nc3 Nf6 4. Bg5 Be7 5. e3 b6 6. Nf3 Bb7 7. Bxf6 Bxf6 8.
cxd5 exd5 9. Qa4+ c6 10. Rc1 O-O 11. Bd3 Re8 12. O-O Nd7 13. Rfe1 a6 14. e4
dxe4 15. Nxe4 Be7 16. Re2 Nf6 17. Rce1 Nd5 18. a3 Nf4 19. Re3 Nxd3 20. Rxd3 Rc8
21. Rde3 Rc7 22. Qb3 Rd7 23. Neg5 Rf8 24. Nxf7 1-0

[Event "BEM Mfr 2023 Qualifikation"]
[Site "Bei SW Nürnberg Süd"]
[Date "2023.09.08"]
[Round "4.6"]
[White "Friedrich, Michael"]
[Black "Becker, Christian"]
[Result "0-1"]
[WhiteElo "1650"]
[BlackElo "1676"]
[PlyCount "100"]
[EventDate "2023.??.??"]
[WhiteTeam "SC Erlangen"]
[BlackTeam "SW Nürnberg Süd"]

1. e4 e5 2. Nf3 Nc6 3. Bb5 Nf6 4. O-O d6 5. d4 exd4 6. Nxd4 Bd7 7. Bg5 Be7 8.
Nc3 O-O 9. Qd2 Nxd4 10. Bxd7 Nxd7 11. Bxe7 Qxe7 12. Qxd4 Nf6 13. Rfe1 Rfe8 14.
f3 Qe5 15. Qb4 a5 16. Qc4 Re7 17. Rad1 Rd7 18. Qb5 Qxb5 19. Nxb5 c6 20. Nxd6
Rad8 21. e5 Ne8 22. c4 c5 23. Rd5 Nxd6 24. Rxd6 Rxd6 25. exd6 Kf8 26. Re7 b6
27. Kf2 Rxd6 28. Re3 Rd2+ 29. Re2 Rxe2+ 30. Kxe2 f5 31. h4 Kf7 32. Ke3 Kf6 33.
Kf4 h6 34. h5 Ke6 35. g4 fxg4 36. fxg4 Kf6 37. a4 g6 38. hxg6 Kxg6 39. Kg3 Kg5
40. Kh3 Kf4 41. Kh4 Kf3 42. Kh5 Kf4 43. b3 Kf3 44. g5 hxg5 45. Kxg5 Ke3 46. Kf5
Kd3 47. Ke5 Kc3 48. Kd6 Kxb3 49. Kc6 Kxc4 50. Kxb6 Kb4 0-1

[Event "BEM Mfr 2023 Qualifikation"]
[Site "Bei SW Nürnberg Süd"]
[Date "2023.09.08"]
[Round "4.7"]
[White "Majid, Hakim"]
[Black "Elgaby, Ayman"]
[Result "1-0"]
[WhiteElo "1430"]
[BlackElo "919"]
[PlyCount "63"]
[EventDate "2023.??.??"]
[WhiteTeam "SW Nürnberg Süd"]
[BlackTeam "Zabo-Eintracht Nbg."]

1. e4 e5 2. Nf3 Nc6 3. Bc4 Nf6 4. Nc3 Nxe4 5. Bxf7+ Kxf7 6. Nxe4 Be7 7. O-O Rf8
8. d4 d6 9. dxe5 Nxe5 10. Nfg5+ Kg8 11. Qd5+ Nf7 12. Nxf7 Rxf7 13. Be3 c6 14.
Qh5 Rf5 15. Qe2 d5 16. Rad1 Qf8 17. Ng3 Re5 18. Qd3 Bf5 19. Qb3 b5 20. Bd4 Re6
21. Rfe1 Bd6 22. Rxe6 Bxe6 23. Qe3 Qf7 24. Qc3 Rc8 25. Bc5 Bxg3 26. hxg3 Bf5
27. Qe3 g6 28. g4 Re8 29. Qg3 Kh8 30. gxf5 gxf5 31. Bd4+ Qg7 32. Qxg7# 1-0

[Event "BEM Mfr 2023 Qualifikation"]
[Site "Bei SW Nürnberg Süd"]
[Date "2023.09.08"]
[Round "4.8"]
[White "Engel, David"]
[Black "Kuhmann, Silas"]
[Result "0-1"]
[WhiteElo "1250"]
[BlackElo "1257"]
[PlyCount "112"]
[EventDate "2023.??.??"]
[WhiteTeam "Zabo-Eintracht Nbg."]
[BlackTeam "TSV Kirchehrenbach"]

1. e4 d6 2. d4 Nf6 3. Nc3 Nbd7 4. Nf3 e5 5. Bg5 Be7 6. Bb5 c6 7. Ba4 O-O 8. Qd2
a5 9. a3 Qc7 10. Ne2 Nxe4 11. Qe3 Nxg5 12. Nxg5 Bxg5 13. Qxg5 exd4 14. Nxd4
Re8+ 15. Kd2 Nf6 16. f3 Bd7 17. h4 h6 18. Qf4 Rac8 19. Qg3 b5 20. Bb3 c5 21.
Ne2 d5 22. Qf2 d4 23. Rac1 Qd6 24. Ba2 Qe7 25. Rce1 Qe3+ 26. Qxe3 Rxe3 27. c3
Bf5 28. Ng3 Rd3+ 29. Kc1 Bh7 30. Bb1 Re3 31. Bxh7+ Nxh7 32. Rxe3 dxe3 33. Nf5
Re8 34. Nd6 Re7 35. Nxb5 f5 36. Nd6 f4 37. Ne4 Re5 38. Kc2 Kf7 39. Nd6+ Ke6 40.
Nc4 Rd5 41. Rd1 Rh5 42. Rh1 g5 43. Nxa5 Rxh4 44. Rg1 g4 45. b4 gxf3 46. gxf3
Ng5 47. Rf1 Rh2+ 48. Kc1 e2 49. Re1 Nxf3 50. Rxe2+ Rxe2 51. b5 Ne5 52. b6 f3
53. Kd1 Ra2 54. Ke1 Nd7 55. Nb3 Rxa3 56. Nd2 Rxc3 0-1

[Event "BEM Mfr 2023 Qualifikation"]
[Site "Bei SW Nürnberg Süd"]
[Date "2023.09.08"]
[Round "4.9"]
[White "Ayhan, Elian"]
[Black "Oeztuerk, Dilara"]
[Result "0-1"]
[WhiteElo "1161"]
[BlackElo "1375"]
[PlyCount "90"]
[EventDate "2023.??.??"]
[WhiteTeam "BSG Wöhrlhaus"]
[BlackTeam "Zabo-Eintracht Nbg."]

1. d4 d5 2. c4 e6 3. Nc3 c6 4. Bf4 dxc4 5. e3 b5 6. a4 Bb4 7. Qf3 Qa5 8. Nge2
Ne7 9. e4 O-O 10. g3 Nd7 11. Bg2 Nb6 12. O-O Nxa4 13. Ra2 Bxc3 14. Nxc3 Qb6 15.
Bd6 Nxc3 16. bxc3 Qd8 17. e5 Bd7 18. Rfa1 a5 19. Bxe7 Qxe7 20. Rxa5 Rxa5 21.
Rxa5 c5 22. dxc5 Qxc5 23. Qb7 Rd8 24. Kf1 Kf8 25. Ra7 Ke8 26. Qc7 Qxc7 27. Rxc7
Ke7 28. Be4 g6 29. Ke2 Rc8 30. Rxc8 Bxc8 31. Bc6 Bd7 32. Be4 f5 33. exf6+ Kxf6
34. Ke3 e5 35. h4 Ke6 36. h5 gxh5 37. Bxh7 Be8 38. Ke4 Bc6+ 39. Ke3 Kf6 40. f3
Kg5 41. Be4 Bxe4 42. Kxe4 h4 43. gxh4+ Kxh4 44. Kxe5 b4 45. Kd4 b3 0-1

[Event "BEM Mfr 2023 Qualifikation"]
[Site "Bei SW Nürnberg Süd"]
[Date "2023.09.08"]
[Round "4.10"]
[White "Ben Ali, Aymen"]
[Black "Müller, Gerhard"]
[Result "0-1"]
[WhiteElo "1250"]
[BlackElo "1786"]
[PlyCount "42"]
[EventDate "2023.??.??"]
[WhiteTeam "vereinslos Nbg"]
[BlackTeam "SW Nürnberg Süd"]

1. e4 c5 2. Nc3 Nc6 3. f4 e6 4. Bc4 a6 5. a4 g6 6. Nf3 Bg7 7. O-O Nge7 8. d3
O-O 9. Be3 b6 10. d4 cxd4 11. Nxd4 Bb7 12. Nxc6 Nxc6 13. Qg4 Ne7 14. e5 Nf5 15.
Qh3 Qc7 16. Bd3 Nxe3 17. Qxe3 Rfd8 18. Rac1 d6 19. exd6 Rxd6 20. Ne4 Bd4 21.
Qxd4 Rxd4 0-1

[Event "BEM Mfr 2023 Qualifikation"]
[Site "Bei SW Nürnberg Süd"]
[Date "2023.09.08"]
[Round "5.1"]
[White "Garcia Jarri, Jonathan"]
[Black "Babichev, Vyacheslav"]
[Result "1-0"]
[WhiteElo "1653"]
[BlackElo "1706"]
[PlyCount "59"]
[EventDate "2023.??.??"]
[WhiteTeam "SC Stein"]
[BlackTeam "SW Nürnberg Süd"]

1. d4 e6 2. Bf4 Nf6 3. Nf3 b6 4. e3 Bb7 5. Nbd2 Be7 6. Bd3 Nd5 7. Bg3 Nb4 8.
Be2 O-O 9. e4 f5 10. exf5 exf5 11. h3 f4 12. Bh2 Kh8 13. c3 N4a6 14. Qc2 Qe8
15. O-O-O Bd6 16. Bd3 Qh5 17. Ne4 Be7 18. h4 h6 19. Rde1 Qf7 20. Ne5 Qh5 21.
Ng5 Bxg5 22. hxg5 Nc6 23. Ng6+ Kg8 24. Bc4+ Rf7 25. Bxf7+ Kxf7 26. Qf5+ Kg8 27.
Bxf4 Qxh1 28. Rxh1 Re8 29. gxh6 Ne7 30. h7# 1-0

[Event "BEM Mfr 2023 Qualifikation"]
[Site "Bei SW Nürnberg Süd"]
[Date "2023.09.08"]
[Round "5.2"]
[White "Blumenthal Tuset, Sebastian"]
[Black "Bursian, Tim"]
[Result "1/2-1/2"]
[WhiteElo "1241"]
[BlackElo "1615"]
[Annotator ""]
[PlyCount "66"]
[EventDate "2023.??.??"]
[WhiteTeam "SC N-T Nürnberg"]
[BlackTeam "SC Jäklechemie"]

1. e4 c6 2. d4 d5 3. exd5 cxd5 4. Bd3 Nf6
5. Nf3 e6 6. c3 Bd6 7. O-O O-O 8. Nbd2 Nbd7 9. Re1 a6 10. Nf1 b5 11. a3 Nb6 12.
Ng3 Bb7 13. Bd2 Nc4 14. Qc1 Rc8 15. Rb1 Re8 16. Bf4 Qc7 17. Bxd6 Qxd6 18. Ne5
Nd7 19. Nxd7 Qxd7 20. Qg5 Qe7 21. Qg4 Qf6 22. Nh5 Qh6 23. Bxc4 dxc4 24. Re3 Qg6
25. Qxg6 hxg6 26. Ng3 f6 27. Ne4 Bxe4 28. Rxe4 Kf7 29. Rbe1 Rcd8 30. Kf1 Rd5
31. f4 g5 32. fxg5 Rxg5 33. R1e2 Rf5+ 1/2-1/2

[Event "BEM Mfr 2023 Qualifikation"]
[Site "Bei SW Nürnberg Süd"]
[Date "2023.09.08"]
[Round "5.3"]
[White "Assem Gawdat Azmy, Mostafa"]
[Black "Hahn, Thomas"]
[Result "1-0"]
[WhiteElo "1401"]
[BlackElo "1775"]
[PlyCount "41"]
[EventDate "2023.??.??"]
[WhiteTeam "vereinslos Erl"]
[BlackTeam "Zabo-Eintracht Nbg."]

1. e4 c5 2. Nf3 d6 3. d4 cxd4 4. Nxd4 Nf6 5. Nc3 g6 6. Bb5+ Bd7 7. O-O Bg7 8.
Be3 a6 9. Bxd7+ Nbxd7 10. f4 O-O 11. Qf3 Qc7 12. Rad1 Nc5 13. f5 b5 14. Nd5 Qb7
15. Nc6 Nxd5 16. exd5 Bxb2 17. Bh6 Bg7 18. Bxg7 Kxg7 19. f6+ exf6 20. Qxf6+ Kh6
21. Rd4 1-0

[Event "BEM Mfr 2023 Qualifikation"]
[Site "Bei SW Nürnberg Süd"]
[Date "2023.09.08"]
[Round "5.4"]
[White "Becker, Christian"]
[Black "Walch, Roger"]
[Result "1-0"]
[WhiteElo "1676"]
[BlackElo "1671"]
[PlyCount "71"]
[EventDate "2023.??.??"]
[WhiteTeam "SW Nürnberg Süd"]
[BlackTeam "SW Nürnberg Süd"]

1. d4 Nf6 2. Nf3 g6 3. Nc3 d5 4. Bf4 Bg7 5. Qd2 h6 6. h4 Ne4 7. Nxe4 dxe4 8.
Ne5 Nd7 9. O-O-O Nxe5 10. Bxe5 Bxe5 11. dxe5 Qxd2+ 12. Rxd2 Be6 13. e3 O-O 14.
Be2 Rfd8 15. Rhd1 Rxd2 16. Rxd2 Kf8 17. Rd4 c5 18. Rxe4 Bd5 19. Rg4 h5 20. Rg3
Rb8 21. f4 b5 22. a3 a5 23. Rg5 e6 24. Bf3 Bxf3 25. gxf3 b4 26. a4 c4 27. e4
Rd8 28. Rg1 Ke7 29. Rd1 Rxd1+ 30. Kxd1 Kd7 31. c3 Kc6 32. Kd2 Kc5 33. Ke3 b3
34. f5 exf5 35. exf5 Kd5 36. Kf4 1-0

[Event "BEM Mfr 2023 Qualifikation"]
[Site "Bei SW Nürnberg Süd"]
[Date "2023.09.08"]
[Round "5.5"]
[White "Weißmann, Peter"]
[Black "Dakic, Milan"]
[Result "1-0"]
[WhiteElo "1711"]
[BlackElo "1793"]
[PlyCount "81"]
[EventDate "2023.??.??"]
[WhiteTeam "SGem 1882 Fürth"]
[BlackTeam "vereinslos_Nbg"]

1. e4 c5 2. Nf3 Nc6 3. d4 cxd4 4. Nxd4 e6 5. Be2 a6 6. a4 Qc7 7. Be3 Nf6 8. Nd2
d5 9. Bf3 Qe5 10. Nxc6 bxc6 11. exd5 cxd5 12. c3 Be7 13. O-O O-O 14. Bd4 Qc7
15. a5 Nd7 16. Re1 Bb7 17. c4 e5 18. cxd5 Bd6 19. Bc3 f5 20. Nf1 e4 21. Be2 Nf6
22. Bxf6 Rxf6 23. b3 Be5 24. Ra4 Qc5 25. Bc4 Rd6 26. Ne3 g6 27. h4 Bc3 28. h5
Bxe1 29. Qxe1 f4 30. Ng4 Bxd5 31. h6 Bxc4 32. Rxc4 Qd5 33. Qc3 Qd1+ 34. Kh2 Ra7
35. Rc7 Rxc7 36. Qxc7 Qd4 37. Qc8+ Kf7 38. Qc7+ Kg8 39. Qc8+ Rd8 40. Qe6+ Kf8
41. Nf6 1-0

[Event "BEM Mfr 2023 Qualifikation"]
[Site "Bei SW Nürnberg Süd"]
[Date "2023.09.08"]
[Round "5.6"]
[White "Kuhmann, Silas"]
[Black "Friedrich, Michael"]
[Result "1/2-1/2"]
[WhiteElo "1257"]
[BlackElo "1650"]
[Annotator ""]
[PlyCount "47"]
[EventDate "2023.??.??"]
[WhiteTeam "TSV Kirchehrenbach"]
[BlackTeam "SC Erlangen"]

1. f4 e5 2. fxe5 d6 3. exd6 Bxd6 4. Nf3 Bg4 5. e3 Nc6
6. Be2 Bxf3 7. Bxf3 Ne5 8. O-O Nf6 9. Nc3 c6 10. b3 Qc7 11. h3 Nxf3+ 12. Qxf3
O-O-O 13. d3 Be5 14. Bb2 Qa5 15. d4 Bd6 16. e4 Ba3 17. Bxa3 Qxa3 18. e5 Nd5 19.
Nxd5 cxd5 20. Qc3+ Kb8 21. Rab1 Rc8 22. Qb2 Qe7 23. Rf3 Rhf8 24. Rbf1 1/2-1/2

[Event "BEM Mfr 2023 Qualifikation"]
[Site "Bei SW Nürnberg Süd"]
[Date "2023.09.08"]
[Round "5.7"]
[White "Oeztuerk, Dilara"]
[Black "Engel, David"]
[Result "0-1"]
[WhiteElo "1375"]
[BlackElo "1250"]
[PlyCount "48"]
[EventDate "2023.??.??"]
[WhiteTeam "Zabo-Eintracht Nbg."]
[BlackTeam "Zabo-Eintracht Nbg."]

1. e4 c5 2. Nc3 d6 3. f4 g6 4. Nf3 Bg7 5. Bc4 Nc6 6. O-O Bg4 7. d3 a6 8. Bxf7+
Kd7 9. h3 Bxf3 10. Qxf3 Nf6 11. Nd5 e6 12. Bxe6+ Kxe6 13. f5+ Kd7 14. Bg5 Nd4
15. Qf4 Ne2+ 16. Kh2 Nxf4 17. Rxf4 h6 18. Bxf6 Bxf6 19. fxg6 Be5 20. Raf1 Rf8
21. g7 Rxf4 22. Rxf4 Bxf4+ 23. Nxf4 Qg5 24. g8=Q Rxg8 0-1

[Event "BEM Mfr 2023 Qualifikation"]
[Site "Bei SW Nürnberg Süd"]
[Date "2023.09.08"]
[Round "5.8"]
[White "Müller, Gerhard"]
[Black "Majid, Hakim"]
[Result "1-0"]
[WhiteElo "1786"]
[BlackElo "1430"]
[PlyCount "119"]
[EventDate "2023.??.??"]
[WhiteTeam "SW Nürnberg Süd"]
[BlackTeam "SW Nürnberg Süd"]

1. d4 e6 2. Bf4 Bb4+ 3. c3 Ba5 4. Nd2 Nc6 5. Ngf3 Nge7 6. e4 O-O 7. Bd3 d6 8.
e5 dxe5 9. Nxe5 Nxe5 10. Bxe5 Ng6 11. Qh5 f6 12. Bg3 f5 13. f3 a6 14. Nc4 Bb6
15. Ne5 Ne7 16. Bf4 Nd5 17. Bg5 Qd6 18. Kd2 c5 19. Nc4 Qc7 20. dxc5 Bxc5 21.
Qh3 b5 22. Ne3 Bxe3+ 23. Bxe3 Bb7 24. Bd4 Qf4+ 25. Ke2 e5 26. Bc5 Rf7 27. Rhf1
Qg5 28. g3 h6 29. Rf2 Re8 30. Bc2 e4 31. f4 Qg6 32. Rd1 Qc6 33. Bd4 Qc4+ 34.
Ke1 Qxa2 35. Rb1 a5 36. Bc5 Qc4 37. Bd4 b4 38. b3 Qc6 39. c4 Ne7 40. Ra1 Qa6
41. Bc5 Nc6 42. Rd2 e3 43. Rd6 Qa8 44. Bxf5 Ne7 45. Be6 Bc8 46. Bxf7+ Kxf7 47.
Qh5+ Kg8 48. Bxb4 Qh1+ 49. Ke2 Qxa1 50. Qxe8+ Kh7 51. Qxe7 Bg4+ 52. Kxe3 Qg1+
53. Ke4 Qg2+ 54. Kd4 Qf2+ 55. Kd5 Bf3+ 56. Ke6 Qe2+ 57. Kd7 Bg4+ 58. Kd8 axb4
59. Qxe2 Bxe2 60. Rb6 1-0

[Event "BEM Mfr 2023 Qualifikation"]
[Site "Bei SW Nürnberg Süd"]
[Date "2023.09.08"]
[Round "5.9"]
[White "Cordts, Elof"]
[Black "Ayhan, Elian"]
[Result "1-0"]
[WhiteElo "1647"]
[BlackElo "1161"]
[Annotator ""]
[PlyCount "63"]
[EventDate "2023.??.??"]
[WhiteTeam "SC Erlangen"]
[BlackTeam "BSG Wöhrlhaus"]

1. e4 c6 2. d4 d5 3. exd5 cxd5 4. Bd3 Nc6 5. c3 Nf6 6. Nf3 Bg4 7. h3 Bxf3 8. Qxf3 e6
9. O-O Be7 10. Bd2 e5 11. dxe5 Nxe5 12. Bb5+ Nc6 13. Re1 O-O 14. Ba4 Ne4 15.
Be3 Ne5 16. Qe2 Qc7 17. Nd2 f5 18. Bb3 Qc6 19. Bd4 Ng6 20. Nxe4 fxe4 21. Qxe4
Rad8 22. Qe6+ Qxe6 23. Rxe6 Rf7 24. Rae1 Bg5 25. Re8+ Rf8 26. Rxf8+ Kxf8 27.
Bxa7 Nf4 28. Bc5+ Kf7 29. Rd1 Ke6 30. Kf1 Rc8 31. Be3 Rd8 32. c4 1-0

[Event "BEM Mfr 2023 Qualifikation"]
[Site "Bei SW Nürnberg Süd"]
[Date "2023.09.08"]
[Round "5.10"]
[White "Elgaby, Ayman"]
[Black "Ben Ali, Aymen"]
[Result "0-1"]
[WhiteElo "919"]
[BlackElo "1250"]
[PlyCount "104"]
[EventDate "2023.??.??"]
[WhiteTeam "Zabo-Eintracht Nbg."]
[BlackTeam "vereinslos Nbg"]

1. e4 c6 2. d4 d5 3. exd5 cxd5 4. Nc3 Nc6 5. Bb5 Bf5 6. Nf3 e6 7. Ne5 Qc7 8.
O-O Bd6 9. Bf4 f6 10. Nxc6 bxc6 11. Bxd6 Qxd6 12. Bd3 Ne7 13. Qh5+ g6 14. Qh6
Bxd3 15. cxd3 Nf5 16. Qh3 Nxd4 17. Rfe1 f5 18. Rac1 O-O-O 19. Qe3 c5 20. Nb5
Nxb5 21. Qxc5+ Nc7 22. Rc2 Qxc5 23. Rxc5 Kb8 24. Rec1 Rc8 25. R1c3 Rhe8 26.
Rb3+ Ka8 27. h3 Na6 28. Rcb5 Rb8 29. a4 Rxb5 30. axb5 Rb8 31. d4 Nc7 32. b6
Rxb6 33. Rxb6 axb6 34. f3 Nb5 35. g4 Nxd4 36. Kg2 e5 37. Kg3 Kb7 38. f4 e4 39.
Kf2 Kc6 40. gxf5 gxf5 41. h4 Nf3 42. h5 d4 43. h6 d3 44. Ke3 Kc5 45. b4+ Kxb4
46. Kf2 d2 47. Ke2 Kc3 48. Kd1 Kb2 49. Ke2 Kc2 50. Ke3 d1=Q 51. Kf2 Qg1+ 52.
Ke2 Qe1# 0-1

[Event "BEM Mfr 2023 Qualifikation"]
[Site "Nürnberg"]
[Date "2023.09.09"]
[Round "6.1"]
[White "Assem Gawdat Azmy, Mostafa"]
[Black "Garcia Jarri, Jonathan"]
[Result "0-1"]
[WhiteElo "1401"]
[BlackElo "1653"]
[PlyCount "76"]
[EventDate "2023.??.??"]
[WhiteTeam "vereinslos Erl"]
[BlackTeam "SC Stein"]

1. e4 c5 2. Nf3 Nc6 3. d4 cxd4 4. Nxd4 e5 5. Nf3 Nf6 6. Nc3 Bb4 7. Bd3 d5 8. exd5 Nxd5 9. Bd2 Bxc3 10. bxc3 O-O 11. O-O f5 12. Bc4 Kh8 13. Bg5 Nf6 14. Qe2 e4 15. Rad1 Qe7 16. Rfe1 Qc7 17. Nd4 Ng4 18. g3 Nce5 19. Bb3 Qxc3 20. h3 Nf6 21. Bxf6 Rxf6 22. Nb5 Qa5 23. f4 Nc6 24. Rd6 Rxd6 25. Nxd6 Qc5+ 26. Kh2 Qxd6 27. Rd1 Qe7 28. Qb5 Be6 29. Bxe6 Qxe6 30. Qxb7 Rg8 31. Qc7 Qc4 32. Qd7 Qe2+ 33. Kg1 Qe3+ 34. Kh2 Qf2+ 35. Kh1 Qf3+ 36. Kh2 e3 37. Rg1 Rd8 38. Qxc6 Qxc6 0-1

[Event "BEM Mfr 2023 Qualifikation"]
[Site "Bei SW Nürnberg Süd"]
[Date "2023.09.09"]
[Round "6.2"]
[White "Blumenthal Tuset, Sebastian"]
[Black "Becker, Christian"]
[Result "0-1"]
[WhiteElo "1241"]
[BlackElo "1676"]
[PlyCount "204"]
[EventDate "2023.??.??"]
[WhiteTeam "SC N-T Nürnberg"]
[BlackTeam "SW Nürnberg Süd"]

1. e4 e5 2. Nf3 Nc6 3. Bb5 a6 4. Ba4 d6 5. d4 exd4 6. Nxd4 Bd7 7. Nxc6 Bxc6 8.
Bxc6+ bxc6 9. Nc3 Nf6 10. Qf3 Nd7 11. O-O Qf6 12. Qd1 Be7 13. Re1 O-O 14. f4
Rfe8 15. Qf3 Bf8 16. Be3 Rab8 17. Rab1 g6 18. Qg4 Qe6 19. f5 Ne5 20. Qg3 Qc4
21. fxg6 fxg6 22. h4 Bg7 23. Bd2 Rf8 24. b3 Qd4+ 25. Qe3 Ng4 26. Qxd4 Bxd4+ 27.
Kh1 Rf2 28. Ne2 Rbf8 29. Nxd4 Rxd2 30. Nxc6 Rff2 31. Rg1 Ne3 32. Rbe1 Nxg2 33.
Ref1 Rfe2 34. Ne7+ Kg7 35. Nf5+ gxf5 36. Rxf5 Kh6 37. Rf6+ Kh5 38. Rf7 Kg6 39.
Rf5 Rxc2 40. Rg5+ Kf6 41. R5xg2 Rxa2 42. Rf1+ Ke5 43. Rxe2 Rxe2 44. Rf7 Rxe4
45. Rxh7 c5 46. Kg2 Rb4 47. Ra7 Rxh4 48. Rxa6 Rb4 49. Ra3 Kd4 50. Kf2 Kc3 51.
Ra6 Kxb3 52. Rxd6 Rd4 53. Rb6+ Kc3 54. Ke3 Rd8 55. Rc6 c4 56. Rg6 Rd3+ 57. Ke2
Rd2+ 58. Ke1 Kc2 59. Rc6 c3 60. Rb6 Kc1 61. Rc6 Kc2 62. Rc8 Rd7 63. Ke2 Kb2 64.
Rb8+ Kc1 65. Rc8 c2 66. Ke1 Rh7 67. Ke2 Rh2+ 68. Ke1 Kb2 69. Rb8+ Kc3 70. Rc8+
Kd3 71. Rd8+ Ke3 72. Re8+ Kd4 73. Rd8+ Kc3 74. Rc8+ Kb2 75. Rb8+ Kc1 76. Rc8
Rd2 77. Rc7 Rd1+ 78. Ke2 Kb2 79. Rb7+ Ka3 80. Ra7+ Kb4 81. Rb7+ Ka5 82. Rc7
c1=Q 83. Rxc1 Rxc1 84. Kd2 Rc4 85. Kd3 Kb4 86. Kd2 Rc3 87. Ke2 Kc4 88. Kd2 Kd4
89. Ke2 Rd3 90. Kf2 Ke4 91. Ke2 Kd4 92. Kf2 Re3 93. Kg2 Ke4 94. Kf2 Ra3 95. Kg2
Kf4 96. Kf2 Ra2+ 97. Ke1 Ke3 98. Kd1 Rh2 99. Kc1 Kd3 100. Kb1 Kc3 101. Ka1 Kb3
102. Kb1 Rh1# 0-1